Geography Quiz

Random Geography or City Quiz

Top 10 Cities of Mexico on a Map Quiz Stats

 Plays Quiz Updated Dec 18, 2019

Support Sporcle.
Go Orange.
Score 0/10 Timer 03:00
2 Plays Today
% Correct
1. Mexico City
99%
6. Tijuana
83.7%
3. Guadalajara
75.6%
5. Juárez
69.9%
9. Monterrey
64.8%
4. Puebla
56%
7. León
44%
2. Ecatepec
27.7%
8. Zapopan
20.8%
10. Nezahualcóyotl
16.2%

You're not logged in!

Compare scores with friends on all Sporcle quizzes.
OR
Log In

From the Vault

Countries With Nukes

by Millian

If we learned one thing from Indiana Jones it's that nuclear weapons are harmless if you are hiding inside a refrigerator.
Remove Ads.
Support Sporcle.
Get the best of Sporcle when you Go Orange. This ad-free experience offers more features, more stats, and more fun while also helping to support Sporcle. Thank you for becoming a member.

Show Comments

Extras

Top Quizzes Today


Score Distribution

Your Account Isn't Verified!

In order to create a playlist on Sporcle, you need to verify the email address you used during registration. Go to your Sporcle Settings to finish the process.

Report this User

Report this user for behavior that violates our Community Guidelines.

Details: